'White Christmas' Lyrics Quiz Stats

 Plays Quiz Updated Nov 13, 2018

     
Support Sporcle.
Go Orange.
Score 0/54 Timer 03:00
7 Plays Today
% Correct
white
98.2%
white
98.2%
white.
98.2%
I
97.9%
I
97.9%
Christmas
97.9%
Christmas
97.9%
Christmas
97.9%
a
97.8%
a
97.8%
of
95.5%
of
95.5%
dreaming
95.3%
dreaming
95.3%
I'm
94.8%
I'm
94.8%
the
93.7%
the
93.7%
the
93.7%
to
91.5%
to
91.5%
like
89.6%
know
89.1%
just
89.1%
used
88.7%
and
88.6%
and
88.6%
% Correct
and
88.6%
be
88%
be
88%
ones
87.9%
snow.
84.4%
all
82.9%
your
82.6%
your
82.6%
May
81.5%
may
81.5%
in
80.9%
where
80.4%
children
79.6%
Christmases
79%
glisten,
79%
listen
78.8%
bells
78.6%
merry
78.3%
sleigh
78%
bright,
77.8%
hear
73.9%
days
73.5%
treetops
73.4%
with
70.9%
every
70.6%
card
67.3%
write.
67.2%

From the Vault

Absent Letter Cartoon Characters

by RobFitz

We'll excuse their absence if they bring a note.
Remove Ads.
Support Sporcle.
Get the best of Sporcle when you Go Orange. This ad-free experience offers more features, more stats, and more fun while also helping to support Sporcle. Thank you for becoming a member.

Show Comments

Extras

Top Quizzes Today


Score Distribution

Your Account Isn't Verified!

In order to create a playlist on Sporcle, you need to verify the email address you used during registration. Go to your Sporcle Settings to finish the process.

Report this User

Report this user for behavior that violates our Community Guidelines.

Details: